Регионална библиотека "Любен Каравелов" - Русе

Да научим повече английски (Запис номер 181448)

MARC детайли
000 -Лидер
Контролно поле с фиксирана дължина 01664nam a2200409 c 4500
003 - Код на организацията, давaща контролен номер
Контролно поле BLK
005 - Дата и час на последна редакция
Контролно поле 20240427142310.0
008 - Елементи от данни с фиксирана дължина
fixed length control field 180411b bul|||||r ||||||| ||bul||
010 ## - Наследен системен номер
LC control number KNG00190351000
020 ## - Международен стандартен номер на книга ISBN
Международен стандартен номер на книга ISBN 978-619-151-127-3
040 ## - Източник на каталожния запис
Идентификатор на билиотеката - собственик на записа BLK
041 ## - Код за език
Код за езика на текст/звукозапис или на отделно заглавие Английски
Код за езика КДБФ Английски
072 #7 - Код за тематичната категория
Код организация bullib
Код за тематична категория Н86
Текст Детска отраслова литература Н
080 ## - УДК
Текстов определител УДК Английски език - учебни предмети
УДК код - определител по УДК 373.3.016:811.111
УДК - код + определител 373.3.016:811.111
100 ## - Редна дума - Автор
Автор Благоева, Румяна Любомирова
R(LIN) 370848
139 ## - Редно поле
Редна дума Благоева, Румяна Любомирова
Авторски знак Бл - Б 47
245 10 - Сведения за заглавието
Заглавие Да научим повече английски
Подзаглавни данни Мy Home and My Family / Моят дом и моето семейство
Редно поле (дума) Румяна Любомирова Благоева; ил. Владимир Иванов Благоев.
257 ## - Страна на издаване
Страна на създаване/издаване България
260 ## - Област на издателските данни
Име на издателя, разпространителя и проч. СофтПрес
Година на издаване 2013
Печатница София : Фолиарт
300 ## - Физическа характеристика
Страници 16 с.
Илюстрации и др. с цв. ил.
Размери/Мащаб 28 см
380 ## - Жанр
Жанр Детска отраслова лит.
500 ## - Общи забележки
Забележка Отговори: с. 16.
650 #4 - Допълнително описание по предмет – тема
Основно описание – тема или топоним Английски език - за деца
9 (RLIN) 241530
653 ## - Ключова дума – ненормативна
Ключова дума английски език
653 ## - Ключова дума – ненормативна
Ключова дума книги-игри
653 ## - Ключова дума – ненормативна
Ключова дума литература за деца
653 ## - Ключова дума – ненормативна
Ключова дума детска литература
659 ## - Тематичен бюлетин
Тематичен бюлетин Н
700 1# - Други автори (авторска отговорност)
Лично име Благоев, Владимир Иванов
Автороска отговорност (Описва отношението между автора и произведението) ил.
9 (RLIN) 366260
852 ## - Местоположение
Форматна сигнатура Цб ІІ 21497
856 4# - Електронен адрес и достъп
Електронен формат pdf - файл
856 4# - Електронен адрес и достъп
Електронен формат pdf - файл
999 ## - СИСТЕМНИ КОНТРОЛНИ НОМЕРА
Koha biblionumber 181448
Koha biblioitemnumber 181448
942 ## - АРТИКУЛИ
Вид на библиотечния материал Книги
Скрит в OPAC Не
Периодичен библиозапис Да
Koha issues (borrowed), all copies 1
944 ## - СЪЗДАВАНЕ И РЕДАКЦИЯ на ЗАПИСА
Създаване/Редакция Създаване
Дата на регистрацията/редакция 14.09.2016
Статус, дата на статуса Грета Цуфелде
Служител, извършил регистрацията/редакцията 30537
944 ## - СЪЗДАВАНЕ И РЕДАКЦИЯ на ЗАПИСА
Създаване/Редакция Редакция
Дата на регистрацията/редакция 21.02.2017
Статус, дата на статуса ф /
Служител, извършил регистрацията/редакцията Людмила_Стоянова
999 ## - СИСТЕМНИ КОНТРОЛНИ НОМЕРА
Koha biblioitemnumber 181448
Наличности
Код за отписване Код за изгубен артикул Код за повреда Коз за рестрикции Код за отдаване Артикулен № Име на библиотеката - собственик Име на библиотеката, в която се намира в момента Статус (Текущо местоположение) Дата на вписване в системата Местоположение - отдел Цена в лева Инвентарен номер Систематично азбучна сигнатура Баркод Номер на екземпляра Цена в евро Служебна бележка Служебен тип на артикула Източник на класификационната схема
  Не е изгубен Не е повреден без рестрикции ползва се в читалня 310821 Регионална библиотека "Любен Каравелов" Русе Регионална библиотека "Любен Каравелов" Русе Хранилище 2016-09-13 Хранилище 4.99 120000803796 Цб ІІ 21497 120000803796 1 2.55 Дост: Dp Вид: Д N: 31 Дата: 29.06.2016 Книги  
  Не е изгубен Не е повреден без рестрикции заемане за дома 310822 Регионална библиотека "Любен Каравелов" Русе Регионална библиотека "Любен Каравелов" Русе ЧЧЗО - англ. ез. - Британски съвет 2017-01-27 ЧЧЗО - англ. ез. - Британски съвет 4.99 120000808096 Ч3 372.65:802.0/Б 47 120000808096 2 2.55 Дост: Pk Вид: Ф N: 481 Дата: 27.01.2017 Книги  
  Не е изгубен Не е повреден без рестрикции заемане за дома 861712 Регионална библиотека "Любен Каравелов" Русе Регионална библиотека "Любен Каравелов" Русе Детски отдел 2021-11-12 Детски отдел 3.50   373.2/Б 47 Р 120000862320   1.79   Книги Universal Decimal Classification
  Не е изгубен Не е повреден без рестрикции ползва се в читалня 861713 Регионална библиотека "Любен Каравелов" Русе Регионална библиотека "Любен Каравелов" Русе Детски отдел 2021-11-12 Детски отдел 3.50   373.2/Б 47 Р 120000862321   1.79   Книги Universal Decimal Classification
Vip Innovations Ltd, Rousse, Bulgaria 2025